Skip to main content
Your cart is empty.
Your lists
Log in to create your own lists
Your cookies
العربية
English
العربية
Home
Search
Advanced search
Authority search
About
The noble scholar, jurist, historian
His Excellency Dr. Abdul Wahhab bin Ibrahim Abu Sulaiman, may Allah have mercy on him.
He was born in Umm Al-Qura in the year 1356 AH.
Library catalog
Title
Author
Subject
ISBN
ISSN
Series
Call number
Log in to your account
×
Login:
Password:
Home
MARC view: كتاب تحفة الطالب بمعرفة أحاديث مختصر ابن الحاجب /
Normal view
MARC view
ISBD view
كتاب تحفة الطالب بمعرفة أحاديث مختصر ابن الحاجب / (Record no. 13555)
[
view plain
]
MARC details
000 -LEADER
fixed length control field
01744ctm a22003251a 4500
003 - CONTROL NUMBER IDENTIFIER
control field
SA-RiAUC
005 - DATE AND TIME OF LATEST TRANSACTION
control field
20251216120724.0
007 - PHYSICAL DESCRIPTION FIXED FIELD--GENERAL INFORMATION
fixed length control field
co ug ---uuauu
008 - FIXED-LENGTH DATA ELEMENTS--GENERAL INFORMATION
fixed length control field
251208s1982 su fsbm 00000 ara c
040 ## - CATALOGING SOURCE
Original cataloging agency
SA-JeALM
Language of cataloging
ara
Transcribing agency
SA-RiAUC
Description conventions
rda
082 04 - DEWEY DECIMAL CLASSIFICATION NUMBER
Classification number
237.6
Assigning agency
SA-RiAUC
090 ## - LOCALLY ASSIGNED LC-TYPE CALL NUMBER (OCLC); LOCAL CALL NUMBER (RLIN)
Classification number (OCLC) (R) ; Classification number, CALL (RLIN) (NR)
ر 237.6
Local cutter number (OCLC) ; Book number/undivided call number, CALL (RLIN)
ك ب ي
100 1# - MAIN ENTRY--PERSONAL NAME
Personal name
الكبيسي، عبد الغني بن حميد بن محمود
245 10 - TITLE STATEMENT
Title
كتاب تحفة الطالب بمعرفة أحاديث مختصر ابن الحاجب /
Statement of responsibility, etc.
عبد الغني بن حميد بن محمود الكبيسي ؛ إشراف محمد أحمد يوسف القاسم.
Medium
[ملف كمبيوتر] /
246 30 - VARYING FORM OF TITLE
Title proper/short title
تحفة الطالب بمعرفة أحاديث مختصر ابن الحاجب
260 ## - PUBLICATION, DISTRIBUTION, ETC.
Date of publication, distribution, etc.
[1982]
264 ## - PRODUCTION, PUBLICATION, DISTRIBUTION, MANUFACTURE, AND COPYRIGHT NOTICE
Place of production, publication, distribution, manufacture
مكة المكرمة :
Name of producer, publisher, distributor, manufacturer
جامعة أم القرى
Date of production, publication, distribution, manufacture, or copyright notice
1982
300 ## - PHYSICAL DESCRIPTION
Extent
460 ورقة؛
Dimensions
30 سم
500 ## - GENERAL NOTE
General note
أطروحة (ماجستير)-جامعة أم القرى، كلية الشريعة، 1403 هـ.
502 ## - DISSERTATION NOTE
Dissertation note
أطروحة (ماجستير)-جامعة أم القرى، كلية الشريعة، 1403 هـ.
504 ## - BIBLIOGRAPHY, ETC. NOTE
Bibliography, etc. note
يشتمل على إرجاعات ببليوجرافية.
650 #7 - SUBJECT ADDED ENTRY--TOPICAL TERM
Topical term or geographic name entry element
الحديث
General subdivision
مستخرجات
Source of heading or term
aucsh
650 #7 - SUBJECT ADDED ENTRY--TOPICAL TERM
Topical term or geographic name entry element
أصول الفقه الإسلامي
Source of heading or term
aucsh
700 12 - ADDED ENTRY--PERSONAL NAME
Personal name
ابن الحاجب، عثمان بن عمر بن أبي بكر،
Dates associated with a name
570-646 هجري
700 ## - ADDED ENTRY--PERSONAL NAME
Personal name
القاسم, محمد أحمد يوسف.
Relator term
إشراف
740 02 - ADDED ENTRY--UNCONTROLLED RELATED/ANALYTICAL TITLE
Uncontrolled related/analytical title
مختصر منتهى السؤل والأمل في علمي الأصول والجدل.
740 02 - ADDED ENTRY--UNCONTROLLED RELATED/ANALYTICAL TITLE
Uncontrolled related/analytical title
منتهى السؤل والأمل في علمي الأصول والجدل.
942 ## - ADDED ENTRY ELEMENTS (KOHA)
Source of classification or shelving scheme
Dewey Decimal Classification
Koha item type
رسالة علمية
Suppress in OPAC
No
949 ## - LOCAL PROCESSING INFORMATION (OCLC)
a
SA-JeALM
d
251208
u
mohamedma123
n
1
Holdings
Withdrawn status
Lost status
Source of classification or shelving scheme
Damaged status
Not for loan
Home library
Current library
Date acquired
Total checkouts
Full call number
Barcode
Date last seen
Price effective from
Koha item type
Dewey Decimal Classification
DR AbdElwahab Library
DR AbdElwahab Library
12/16/2025
ر 237.6 ك ب ي
000021732
12/16/2025
12/16/2025
رسالة علمية
Place hold
Print
Add to your cart
(remove)
Save record
BIBTEX
Dublin Core
MARCXML
MARC (non-Unicode/MARC-8)
MARC (Unicode/UTF-8)
MARC (Unicode/UTF-8, Standard)
MODS (XML)
RIS
ISBD
More searches
Search for this title in:
Other Libraries (WorldCat)
Other Databases (Google Scholar)
Online Stores (Bookfinder.com)
Open Library (openlibrary.org)
Exporting to Dublin Core...
×
Simple DC-RDF
OAI-DC
SRW-DC